Promoción conciliar del diálogo ecuménico

Tallennettuna:
Bibliografiset tiedot
Päätekijä: Javierre, Antonio María (Tekijä)
Aineistotyyppi: Kirja
Kieli:espanja
Julkaistu: Madrid Cristiandad 1966
Sarja:Colección Cristianismo y Hombre Actual
Aiheet:
Tagit: Lisää tagi
Ei tageja, Lisää ensimmäinen tagi!

MARC

LEADER 00000nam a2200000 a 4500
001 UCL3252
003 CL-VaPUC
008 031121e19660000SP |||||||||||||||||spa|d
082 0 4 |a 262.0011  |b JAV  |2 21 
100 |a Javierre, Antonio María  |e author  |9 617216 
245 1 0 |a Promoción conciliar del diálogo ecuménico 
300 |a 333 p 
942 |c BK 
945 |d 20031121 00:00:00  |a vberengu 
260 |a Madrid  |b Cristiandad  |c 1966 
650 0 |a Ecumenismo  |9 255639 
583 |a last modification  |c 20031121 00:00:00  |k Rodrigo Vera 
490 0 |a Colección Cristianismo y Hombre Actual 
999 |c 306364  |d 306362 
952 |0 0  |1 0  |4 0  |6 262_001100000000000_JAV_1966  |7 0  |8 A  |9 371322  |a BIBTEO  |b BIBTEO  |d 2019-11-21  |i 2094894  |o 262.0011 JAV 1966  |p 2094894  |r 2025-01-17  |w 2019-11-21  |y BK  |k ICR